000 00320nam a22001457a 4500
008 221124b ||||| |||| 00| 0 eng d
020 _a9781259465581
041 _aeng
080 _2SIXTH EDITION
_a316
082 _a316SCH
100 _a24.2
101 _aSOCI
245 _aSOCIOLOGY
_cSCHAEFER
942 _2udc
_cBK
999 _c59033
_d59033